Statistics for 日本の都市計画法で定められている用途地域

Click here to take the quiz!

General Stats

  • This quiz has been taken 13 times
  • The average score is 11 of 13

Answer Stats

分類Answer% Correct
工業地域準工業地域
100%
商業地域
100%
工業地域
100%
住居地域第一種低層住居専用地域
91%
第二種低層住居専用地域
91%
第一種中高層住居専用地域
82%
第二種中高層住居専用地域
82%
工業専用地域
82%
第一種住居地域
73%
第二種住居地域
73%
商業地域近隣商業地域
73%
田園住居地域
64%
準住居地域
55%

Score Distribution

Percentile by Number Answered

Percent of People with Each Score

Your Score History

You have not taken this quiz